Capitals of the countries of the Commonwealth realm - Statistics

General Stats
  • This quiz has been taken 17 times
  • The average score is 12 of 15
Answer Stats
Country Capital % Correct
United Kingdom London
100%
Australia Canberra
94%
Jamaica Kingston
94%
Saint Vincent and the Grenadines Kingstown
94%
Canada Ottawa
94%
New Zealand Wellington
94%
Papua New Guinea Port Moresby
82%
Belize Belmopan
76%
Bahamas Nassau
76%
Antigua and Barbuda Saint John’s
71%
Saint Lucia Castries
65%
Tuvalu Funafuti
65%
Solomon Islands Honiara
65%
Saint Kitts and Nevis Basseterre
59%
Grenada Saint George’s
59%
No matching quizzes found
Score Distribution
Percent of People with Each Score
Percentile by Number Answered
Your Score History
You have not taken this quiz